| 000 | 00774cam a22002533a 4500 | ||
|---|---|---|---|
| 001 | 17186 | ||
| 003 | PGUSA | ||
| 005 | 20140828083352.0 | ||
| 008 | 051129s2005||||xxu|||||s|||||000 | eng d | ||
| 040 |
_aPGUSA _beng |
||
| 042 | _adc | ||
| 050 | 4 | _aCC | |
| 100 | 1 |
_aSilva, Joaquim Possidónio Narciso da, _d1806-1896 |
|
| 245 | 1 | 0 |
_aNoções elementares de archeologia _h[electronic resource] / _cJoaquim Possidónio Narciso da Silva |
| 260 |
_bProject Gutenberg, _c2005 |
||
| 506 | _aPublic domain in the USA. | ||
| 516 | _aElectronic text | ||
| 653 | _aArchitecture -- History | ||
| 653 | _aArchaeology | ||
| 700 | 1 |
_aBarbosa, Inácio de Vilhena, _d1811-1890 |
|
| 830 | 0 |
_aProject Gutenberg _v17186 |
|
| 856 | 4 | 0 | _uhttp://www.gutenberg.org/ebooks/17186 |
| 942 | _cEB | ||
| 999 |
_c246441 _d246441 |
||